Quick Pick: Console by Video Game Quiz Stats

 Plays Quiz Updated Sep 15, 2016

Challenge
Share
Tweet
Embed
Score 0/18 Timer 01:30
1 Play Today
% Correct
Sega Genesis (Mega Drive)
66.3%
Game Boy
65%
Xbox
56%
Wii
55.6%
Nintendo Entertainment System
54.9%
PlayStation
54.2%
PlayStation 2
48%
Wii U
47.8%
Xbox 360
46.2%
% Correct
GameCube
44.9%
PlayStation 3
43.5%
Super Nintendo Entertainment System
43.5%
Nintendo 64
42.4%
PlayStation 4
41.8%
Nintendo DS
41.5%
Dreamcast
37.5%
Xbox One
33.2%
Sega Saturn
29.5%

Today's Daily Dose

You're not logged in!

Compare scores with friends on all Sporcle quizzes.
OR
Log In

You Might Also Like...

Show Comments

Extras

Top Quizzes Today


Score Distribution

Your Account Isn't Verified!

In order to create a playlist on Sporcle, you need to verify the email address you used during registration. Go to your Sporcle Settings to finish the process.

Report this User

Report this user for behavior that violates our Community Guidelines.

Details: